[Event "Fagernes op"]
[Site "Fagernes"]
[Date "2022.04.17"]
[Round "9"]
[White "Le Montagner, Yoann"]
[Black "Melaa, Sondre Lillestol"]
[Result "0-1"]
[WhiteElo "2035"]
[BlackElo "2120"]
[PlyCount "116"]
[EventDate "2022.04.10"]
[EventType "swiss"]
[EventRounds "9"]
[EventCountry "NOR"]
[SourceTitle "CBM 207 Extra"]
[Source "ChessBase"]
[SourceDate "2022.05.31"]
[SourceVersion "1"]
[SourceVersionDate "2022.05.31"]
[SourceQuality "1"]

1. e4 e5 2. Nf3 Nc6 3. d4 exd4 4. Bc4 Nf6 5. 0-0 Nxe4 6. Re1 d5 7. Bxd5 Qxd5 8. Nc3 Qd7 9. Nxe4 Be7 10. Bg5 0-0 11. Bxe7 Qxe7 12. Nxd4 Bd7 13. Nc3 Qc5 14. Nb3 Qf5 15. Nd4 Nxd4 16. Qxd4 Bc6 17. Rad1 Qxc2 18. Nd5 Bxd5 19. Qxd5 c6 20. Qd7 Qxb2 21. Rb1 Qxa2 22. Rxb7 a5 23. Qxc6 a4 24. Rbe7 h6 25. h4 a3 26. R7e2 Qb3 27. Re3 Qa4 28. Qxa4 Rxa4 29. Ra1 a2 30. Re2 Rfa8 31. g3 g6 32. Kg2 Kg7 33. Kh2 Ra3 34. Kg2 R8a4 35. Kh2 Kf6 36. Kg2 Kf5 37. f3 g5 38. hxg5 hxg5 39. Rb2 g4 40. Rd2 gxf3+ 41. Kf2 Kg4 42. Rb2 Re4 43. Rd2 Re2+ 44. Rxe2 fxe2 45. Kxe2 Kxg3 46. Rg1+ Kf4 47. Rf1+ Ke4 48. Ra1 f5 49. Kd2 f4 50. Ke2 f3+ 51. Kf2 Kd3 52. Kxf3 Kc2+ 53. Ke2 Kb2 54. Rf1 a1Q 55. Kd2 Qa2 56. Rf5 Qc4 57. Rf2 Qc2+ 58. Ke1 Ra1# 0-1

[Event "Fagernes op"]
[Site "Fagernes"]
[Date "2022.04.15"]
[Round "7"]
[White "Le Montagner, Yoann"]
[Black "Andersen, Morten"]
[Result "1/2-1/2"]
[WhiteElo "2035"]
[BlackElo "2190"]
[PlyCount "72"]
[EventDate "2022.04.10"]
[EventType "swiss"]
[EventRounds "9"]
[EventCountry "NOR"]
[SourceTitle "CBM 207 Extra"]
[Source "ChessBase"]
[SourceDate "2022.05.31"]
[SourceVersion "1"]
[SourceVersionDate "2022.05.31"]
[SourceQuality "1"]

1. e4 d6 2. d4 Nf6 3. Nc3 g6 4. f4 Bg7 5. e5 dxe5 6. fxe5 Nd5 7. Bc4 Nb6 8. Bb3 Nc6 9. Nf3 Na5 10. 0-0 Nxb3 11. axb3 0-0 12. Be3 Bg4 13. h3 Bf5 14. g4 Be6 15. Qd2 c5 16. Qf2 cxd4 17. Nxd4 Nd7 18. Qg2 Nxe5 19. Nxe6 fxe6 20. Qxb7 Rb8 21. Qe4 Qd6 22. Kg2 a6 23. Bf4 Rb4 24. Bxe5 Bxe5 25. Rxf8+ Kxf8 26. Qa8+ Kg7 27. Rd1 Rd4 28. Rxd4 Bxd4 29. Qf3 Bb6 30. Ne4 Qe5 31. c3 Bc7 32. Kf1 h6 33. b4 Bb6 34. Kg2 Bc7 35. Kf1 Bb6 36. Kg2 Bc7 1/2-1/2

[Event "Fagernes op"]
[Site "Fagernes"]
[Date "2022.04.13"]
[Round "5"]
[White "Le Montagner, Yoann"]
[Black "Poysti, Nathanael Nicolai"]
[Result "1/2-1/2"]
[WhiteElo "2035"]
[BlackElo "2190"]
[PlyCount "40"]
[EventDate "2022.04.10"]
[EventType "swiss"]
[EventRounds "9"]
[EventCountry "NOR"]
[SourceTitle "CBM 207 Extra"]
[Source "ChessBase"]
[SourceDate "2022.05.31"]
[SourceVersion "1"]
[SourceVersionDate "2022.05.31"]
[SourceQuality "1"]

1. e4 e5 2. Nf3 Nc6 3. d4 exd4 4. Bc4 Bc5 5. c3 Nf6 6. cxd4 Bb4+ 7. Bd2 Bxd2+ 8. Nbxd2 d5 9. exd5 Nxd5 10. Qb3 Na5 11. Qa4+ Nc6 12. Qb3 Nce7 13. 0-0 0-0 14. Rfe1 c6 15. Ne4 Qb6 16. Nc3 Qxb3 17. Bxb3 Be6 18. Nxd5 Nxd5 19. Ng5 Rae8 20. Nxe6 fxe6 1/2-1/2

[Event "Fagernes op"]
[Site "Fagernes"]
[Date "2022.04.12"]
[Round "4"]
[White "Le Montagner, Yoann"]
[Black "Rakshitta, Ravi"]
[Result "1/2-1/2"]
[WhiteElo "2035"]
[BlackElo "2240"]
[PlyCount "63"]
[EventDate "2022.04.10"]
[EventType "swiss"]
[EventRounds "9"]
[EventCountry "NOR"]
[SourceTitle "CBM 207 Extra"]
[Source "ChessBase"]
[SourceDate "2022.05.31"]
[SourceVersion "1"]
[SourceVersionDate "2022.05.31"]
[SourceQuality "1"]

1. e4 e5 2. Nf3 Nc6 3. d4 exd4 4. Bc4 Bc5 5. c3 Nf6 6. cxd4 Bb4+ 7. Bd2 Bxd2+ 8. Nbxd2 d5 9. exd5 Nxd5 10. Qb3 Nce7 11. 0-0 0-0 12. Rfe1 c6 13. Ne4 Qb6 14. Nc3 Be6 15. Qxb6 axb6 16. Ng5 b5 17. Bxd5 Nxd5 18. Nxe6 fxe6 19. Rxe6 Nxc3 20. bxc3 Ra3 21. Re7 Rxc3 22. Rxb7 Rc2 23. Re1 Rfxf2 24. Re8+ Rf8 25. Rxf8+ Kxf8 26. d5 cxd5 27. Rxb5 Rd2 28. a4 d4 29. a5 Ke7 30. a6 Ra2 31. Rd5 Rxa6 32. Rxd4 1/2-1/2

[Event "Castelnaudary A"]
[Site "Castelnaudary"]
[Date "2016.03.20"]
[Round "4"]
[White "Le Montagner, Yoann"]
[Black "Dijon, Frederic"]
[Result "1-0"]
[WhiteElo "2067"]
[BlackElo "1980"]
[PlyCount "55"]
[EventDate "2016.03.19"]
[EventType "tourn"]
[EventRounds "5"]
[EventCountry "FRA"]
[SourceTitle "EXT 2024"]
[Source "ChessBase"]
[SourceDate "2023.10.10"]
[SourceVersion "1"]
[SourceVersionDate "2023.10.10"]
[SourceQuality "1"]

1. e4 c5 2. Nf3 Nc6 3. Nc3 e5 4. Nd5 Be7 5. g3 d6 6. Bg2 Nf6 7. Nxf6+ Bxf6 8. 0-0 0-0 9. d3 g6 10. Nd2 Bg7 11. Nc4 f5 12. exf5 gxf5 13. f4 exf4 14. Bxf4 Ne5 15. c3 Rb8 16. Qd2 b5 17. Ne3 Bb7 18. Bxb7 Rxb7 19. Bxe5 Bxe5 20. Nxf5 b4 21. d4 bxc3 22. bxc3 cxd4 23. Nxd4 Rbf7 24. Rxf7 Rxf7 25. Rf1 Rxf1+ 26. Kxf1 Qf6+ 27. Qf2 Qg7 28. Qf5 1-0

[Event "Cappelle op 30th"]
[Site "Cappelle la Grande"]
[Date "2014.03.02"]
[Round "2"]
[White "Le Montagner, Yoann"]
[Black "Giffard, Nicolas"]
[Result "1/2-1/2"]
[WhiteElo "2050"]
[BlackElo "2317"]
[PlyCount "145"]
[EventDate "2014.03.01"]
[EventType "swiss"]
[EventRounds "9"]
[EventCountry "FRA"]
[SourceTitle "CBM 159 Extra"]
[Source "ChessBase"]
[SourceDate "2014.04.24"]
[SourceVersion "1"]
[SourceVersionDate "2014.04.24"]
[SourceQuality "1"]

1. e4 c5 2. Nf3 e6 3. d4 cxd4 4. Nxd4 Nf6 5. Nc3 d6 6. Be2 Be7 7. 0-0 0-0 8. Be3 Nc6 9. f4 e5 10. Nb3 a5 11. a4 Nb4 12. Kh1 exf4 13. Bxf4 d5 14. e5 Ne8 15. Nd4 Nc7 16. Ncb5 Ne6 17. Nxe6 Bxe6 18. c3 Na6 19. Bd3 Nc5 20. Bc2 g6 21. Qe2 Bg5 22. Qe3 Bxf4 23. Rxf4 Qg5 24. Raf1 Rfc8 25. Qd4 Nd7 26. Nd6 Rf8 27. Re1 b6 28. b4 Rad8 29. Rff1 Qe7 30. Nb5 Nb8 31. bxa5 bxa5 32. Qb6 Rc8 33. Qxa5 Qc5 34. Bd1 Nc6 35. Qa6 Ra8 36. Qb7 Rfc8 37. Nc7 Qe7 38. Qxc6 Qxc7 39. Qxc7 Rxc7 40. Re3 Ra5 41. Kg1 Rb7 42. Rf4 Rb1 43. Rd4 Rc5 44. Kf2 h5 45. h4 Kf8 46. Bf3 Rb2+ 47. Re2 Rb3 48. Ra2 Rbxc3 49. a5 Rc2+ 50. Rxc2 Rxc2+ 51. Kg3 Ra2 52. Bxd5 Ra3+ 53. Kf4 Bf5 54. Rb4 Rxa5 55. Bf3 Ra7 56. Rd4 Re7 57. Ra4 Kg7 58. Rb4 Be6 59. Rb7 Re8 60. Rb4 Rc8 61. Rd4 Rc2 62. Rb4 Rf2 63. Kg3 Rf1 64. Rd4 Kf8 65. Rd1 Rxd1 66. Bxd1 Bd5 67. Be2 Ke7 68. Bf1 Ke6 69. Kf4 f6 70. exf6 Kxf6 71. g3 Bf7 72. Bd3 Be6 73. Bc2 1/2-1/2

[Event "FRA-chT1 1011"]
[Site "France"]
[Date "2010.11.14"]
[Round "3.6"]
[White "Le Montagner, Yoann"]
[Black "Le Hetet, Nicolas"]
[Result "1/2-1/2"]
[WhiteElo "1999"]
[BlackElo "2109"]
[PlyCount "155"]
[EventDate "2010.10.17"]
[EventType "team-tourn"]
[EventRounds "11"]
[EventCountry "FRA"]
[SourceTitle "EXT 2012"]
[Source "ChessBase"]
[SourceDate "2011.11.24"]
[SourceVersion "1"]
[SourceVersionDate "2011.11.24"]
[SourceQuality "1"]

1. e4 c5 2. Nf3 Nc6 3. d4 cxd4 4. Nxd4 e5 5. Nb5 d6 6. c4 Be7 7. Be2 Be6 8. 0-0 Rc8 9. b3 a6 10. N5c3 Nf6 11. Be3 0-0 12. Bf3 h6 13. Nd5 Bxd5 14. exd5 Nd4 15. Na3 Nd7 16. Nc2 Nxc2 17. Qxc2 Bg5 18. Bg4 Bxe3 19. fxe3 Rc7 20. Bxd7 Qxd7 21. a4 b5 22. axb5 axb5 23. Qd3 bxc4 24. bxc4 Rfc8 25. Rfc1 g6 26. Ra6 Kg7 27. h3 Rc5 28. Qa3 Qc7 29. Rf1 Qd7 30. Qb4 Qc7 31. Rb6 Rxc4 32. Qxd6 Qxd6 33. Rxd6 R8c7 34. Rd8 Rc2 35. d6 Rb7 36. Rf2 Rb1+ 37. Rf1 Rbb2 38. Rd1 Rxg2+ 39. Kh1 Rh2+ 40. Kg1 Rhg2+ 41. Kf1 Rh2 42. Kg1 Rbg2+ 43. Kf1 Rh1+ 44. Kxg2 Rxd1 45. Kf3 Kf6 46. d7 Ke7 47. Re8+ Kxd7 48. Rxe5 Rd6 49. Ra5 Rf6+ 50. Ke4 Rf1 51. h4 h5 52. Ra7+ Ke6 53. Ra6+ Ke7 54. Ke5 Rf5+ 55. Ke4 Rb5 56. Ra7+ Kf6 57. Ra6+ Kg7 58. Ra4 Rb1 59. Kf3 Rg1 60. Rb4 Kh6 61. Ra4 f5 62. Ra2 Rg4 63. Rh2 Kg7 64. Rh1 Kf6 65. Rh2 Ke5 66. Rh1 Ra4 67. Rg1 Rg4 68. Rh1 Kf6 69. Rh2 Ke6 70. Rh1 Ke5 71. Rh2 f4 72. exf4+ Rxf4+ 73. Kg3 Rg4+ 74. Kf3 Kf5 75. Rh1 Ra4 76. Kf2 Ra2+ 77. Kg3 Ra3+ 78. Kh2 1/2-1/2

[Event "Paris-ch op-A"]
[Site "Paris"]
[Date "2010.07.10"]
[Round "8"]
[White "Fontaine, Olivier"]
[Black "Le Montagner, Yoann"]
[Result "0-1"]
[WhiteElo "1898"]
[BlackElo "2018"]
[PlyCount "70"]
[EventDate "2010.07.03"]
[EventType "swiss"]
[EventRounds "9"]
[EventCountry "FRA"]
[SourceTitle "CBM 137 Extra"]
[Source "ChessBase"]
[SourceDate "2010.09.01"]
[SourceVersion "1"]
[SourceVersionDate "2010.09.01"]
[SourceQuality "1"]

1. c4 e6 2. Nc3 b6 3. Nf3 Bb7 4. e4 Nf6 5. e5 Ne4 6. Nxe4 Bxe4 7. Be2 Be7 8. 0-0 0-0 9. d4 d6 10. Be3 c5 11. Nd2 Bb7 12. Bf3 d5 13. cxd5 Bxd5 14. dxc5 bxc5 15. Bxd5 Qxd5 16. Qf3 Nc6 17. Rfd1 Nxe5 18. Qxd5 exd5 19. Nb3 d4 20. Bf4 Nc4 21. Nxc5 Bxc5 22. Rac1 Nxb2 23. Rd2 Rfe8 24. g3 Na4 25. Rc4 Nc3 26. Rxc5 Ne4 27. Rcc2 Nxd2 28. Rxd2 Red8 29. Rd3 Rac8 30. Bd2 f6 31. Kg2 Kf7 32. Kf3 Ke6 33. Ke4 Rd7 34. Rxd4 Rxd4+ 35. Kxd4 Rc2 0-1

[Event "Paris-ch op-A"]
[Site "Paris"]
[Date "2010.07.05"]
[Round "3"]
[White "Afraoui, Solenn"]
[Black "Le Montagner, Yoann"]
[Result "0-1"]
[WhiteElo "1832"]
[BlackElo "2018"]
[PlyCount "150"]
[EventDate "2010.07.03"]
[EventType "swiss"]
[EventRounds "9"]
[EventCountry "FRA"]
[SourceTitle "CBM 137 Extra"]
[Source "ChessBase"]
[SourceDate "2010.09.01"]
[SourceVersion "1"]
[SourceVersionDate "2010.09.01"]
[SourceQuality "1"]

1. Nf3 Nf6 2. g3 b5 3. Bg2 Bb7 4. 0-0 e6 5. d4 c5 6. c3 d5 7. Nbd2 Nbd7 8. Ne5 cxd4 9. cxd4 Nxe5 10. dxe5 Nd7 11. f4 Bc5+ 12. Kh1 h5 13. h3 Qb6 14. e4 dxe4 15. Nxe4 f5 16. Nxc5 Nxc5 17. Be3 Bxg2+ 18. Kxg2 Qc6+ 19. Rf3 Ne4 20. Rc1 Qb7 21. Qb3 Kf7 22. a4 a6 23. a5 Rac8 24. Rxc8 Rxc8 25. Qd3 Rc7 26. Kh2 Rd7 27. Qe2 Qd5 28. Rf1 g6 29. Qc2 Qd3 30. Qxd3 Rxd3 31. Re1 Ke7 32. Kg2 Kd7 33. Kf3 b4 34. g4 hxg4+ 35. hxg4 b3 36. Ke2 Rd5 37. gxf5 gxf5 38. Rd1 Rxd1 39. Kxd1 Kc6 40. Ke2 Kb5 41. Kd3 Kb4 42. Bb6 Ng3 43. Bf2 Nh5 44. Be1+ Kb5 45. Bd2 Kc5 46. Kc3 Kd5 47. Kd3 Ng3 48. Be3 Nf1 49. Bc1 Kc5 50. Kc3 Kb5 51. Kxb3 Kxa5 52. Kc4 Kb6 53. b3 Ng3 54. Be3+ Kc6 55. Bf2 Nf1 56. Bg1 Nd2+ 57. Kc3 Nf3 58. Bf2 Kd5 59. Kd3 Nh2 60. Be3 Ng4 61. Bg1 Nh6 62. Be3 Ng8 63. Bd2 Kc5 64. b4+ Kb5 65. Ke3 Ne7 66. Kf3 Nc6 67. Kg3 Nxb4 68. Kh4 Nd3 69. Kg5 Kc5 70. Kf6 Kd5 71. Kf7 a5 72. Bxa5 Nxf4 73. Bc3 Nd3 74. Kf6 f4 75. Bd2 f3 0-1

[Event "Paris-ch op-A"]
[Site "Paris"]
[Date "2009.07.04"]
[Round "1"]
[White "Baron, Daniel"]
[Black "Le Montagner, Yoann"]
[Result "1-0"]
[WhiteElo "2293"]
[BlackElo "1983"]
[PlyCount "43"]
[EventDate "2009.07.04"]
[EventType "swiss"]
[EventRounds "9"]
[EventCountry "FRA"]
[SourceTitle "EXT 2010"]
[Source "ChessBase"]
[SourceDate "2010.11.25"]
[SourceVersion "1"]
[SourceVersionDate "2010.11.25"]
[SourceQuality "1"]

1. e4 c5 2. Nf3 d6 3. d4 cxd4 4. Nxd4 Nf6 5. Nc3 g6 6. Be3 Bg7 7. f3 0-0 8. Qd2 Nc6 9. Bc4 Bd7 10. Bb3 Rc8 11. 0-0-0 Ne5 12. h4 Nc4 13. Bxc4 Rxc4 14. Kb1 a6 15. Nde2 b5 16. Bh6 Bxh6 17. Qxh6 Qc7 18. h5 Be6 19. hxg6 Rc8 20. Nf4 Rxc3 21. Nh5 Nxh5 22. Qxh7+ 1-0

[Event "FRA-chT2 West 0809"]
[Site "France"]
[Date "2009.03.14"]
[Round "8.7"]
[White "Devallee, Jeremie"]
[Black "Le Montagner, Yoann"]
[Result "1/2-1/2"]
[WhiteElo "2044"]
[BlackElo "1979"]
[PlyCount "151"]
[EventDate "2008.10.19"]
[EventType "team-tourn"]
[EventRounds "11"]
[EventCountry "FRA"]
[SourceTitle "EXT 2010"]
[Source "ChessBase"]
[SourceDate "2010.11.25"]
[SourceVersion "1"]
[SourceVersionDate "2010.11.25"]
[SourceQuality "1"]
[WhiteTeam "Tours"]
[BlackTeam "Rennes Paul Bert"]
[WhiteTeamCountry "FRA"]
[BlackTeamCountry "FRA"]

1. Nc3 Nf6 2. e4 d6 3. Bc4 c6 4. e5 dxe5 5. Qe2 Bf5 6. Nf3 e6 7. d3 Nbd7 8. h3 Qc7 9. Be3 Bb4 10. g4 Bg6 11. Bd2 Nd5 12. Bxd5 exd5 13. 0-0 Bd6 14. h4 h5 15. g5 0-0 16. b4 Rfe8 17. Ne1 a5 18. bxa5 Nc5 19. f4 exf4 20. Qf2 Ne6 21. Ne2 c5 22. Rb1 Be5 23. Nf3 Bd6 24. Nc3 d4 25. Nb5 Qd7 26. Nxd6 Qxd6 27. Rxb7 Nc7 28. Rb6 Qd7 29. Bxf4 Qg4+ 30. Bg3 Re3 31. Kh2 Nd5 32. Ne5 Qe2 33. Nc4 Qxf2+ 34. Rxf2 Re7 35. Rb5 Ne3 36. Nxe3 dxe3 37. Re2 Bf5 38. Bf4 Rea7 39. a6 Rxa6 40. Rxc5 Ra5 41. Rxa5 Rxa5 42. Bxe3 Rxa2 43. Rd2 Ra4 44. Bf2 f6 45. gxf6 gxf6 46. c3 Kf7 47. Bd4 Bg4 48. Kg3 Ra1 49. Kf4 Rf1+ 50. Bf2 Rd1 51. Rxd1 Bxd1 52. c4 Be2 53. Ke4 Ke6 54. Bg3 Bf1 55. Kd4 Kd7 56. c5 Kc6 57. Bd6 Be2 58. Ke3 Bf1 59. d4 Kd5 60. Be7 f5 61. Bf6 Bg2 62. Kf4 Bh3 63. Kg5 Bg4 64. Be5 Kc6 65. Kg6 Kd5 66. Bf4 Bf3 67. Be3 f4 68. Bf2 Bg4 69. Kg5 f3 70. Kf4 Bc8 71. Kxf3 Bg4+ 72. Kf4 Bd1 73. Kg5 Bg4 74. Kf6 Bf3 75. Ke7 Kc6 76. Kf6 1/2-1/2

[Event "FRA-chT2 West 0809"]
[Site "France"]
[Date "2009.02.08"]
[Round "7.6"]
[White "Le Montagner, Yoann"]
[Black "Galloux, Maxime"]
[Result "1/2-1/2"]
[WhiteElo "1979"]
[BlackElo "2062"]
[PlyCount "83"]
[EventDate "2008.10.19"]
[EventType "team-tourn"]
[EventRounds "11"]
[EventCountry "FRA"]
[SourceTitle "EXT 2010"]
[Source "ChessBase"]
[SourceDate "2010.11.25"]
[SourceVersion "1"]
[SourceVersionDate "2010.11.25"]
[SourceQuality "1"]
[WhiteTeam "Rennes Paul Bert"]
[BlackTeam "Echiquier Bordelais"]
[WhiteTeamCountry "FRA"]
[BlackTeamCountry "FRA"]

1. e4 c5 2. Nf3 g6 3. d4 cxd4 4. Nxd4 Nc6 5. Be3 Nf6 6. Nc3 Bg7 7. Be2 0-0 8. 0-0 d5 9. exd5 Nxd5 10. Nxd5 Qxd5 11. Bf3 Qa5 12. Nxc6 bxc6 13. Bxc6 Rb8 14. Qd5 Qc7 15. Ba4 Bxb2 16. Rad1 Ba6 17. Rfe1 Bc3 18. Bd2 Rfd8 19. Qg5 Bf6 20. Qf4 Qc5 21. Be3 Qc3 22. Bxa7 Be2 23. Rxd8+ Rxd8 24. Rb1 Rd1+ 25. Rxd1 Bxd1 26. Qe3 Qa1 27. Qe1 Bc3 28. Qf1 Qxa2 29. Qxd1 Qxa4 30. Bc5 Qe4 31. h3 Kg7 32. Be3 Be5 33. Qd3 Qb4 34. Qd1 h5 35. Bg5 Bd4 36. Qd2 Qc5 37. Bf4 e6 38. Bh6+ Kg8 39. Bf4 Kg7 40. Bh6+ Kh7 41. Bf4 Kg7 42. Bh6+ 1/2-1/2

[Event "Rochefort op 8th"]
[Site "Rochefort"]
[Date "2009.02.??"]
[Round "1"]
[White "Gaulin, Jean Pierre"]
[Black "Le Montagner, Yoann"]
[Result "0-1"]
[WhiteElo "1757"]
[BlackElo "1979"]
[PlyCount "122"]
[EventDate "2009.02.??"]
[EventType "swiss"]
[EventRounds "9"]
[EventCountry "FRA"]
[SourceTitle "EXT 2010"]
[Source "ChessBase"]
[SourceDate "2010.11.25"]
[SourceVersion "1"]
[SourceVersionDate "2010.11.25"]
[SourceQuality "1"]

1. d4 d5 2. Nf3 Bf5 3. Bg5 Nf6 4. e3 e6 5. Bd3 Bg6 6. Ne5 Bd6 7. Nxg6 hxg6 8. Nd2 c5 9. c3 Nc6 10. Qf3 Be7 11. h4 e5 12. dxe5 Nxe5 13. Bb5+ Nc6 14. 0-0 0-0 15. Rfd1 Qb6 16. a4 a6 17. Bxc6 Qxc6 18. c4 Rad8 19. b3 Rfe8 20. Rac1 b6 21. Rc3 Ne4 22. Rd3 Bxg5 23. hxg5 Nxg5 24. Qg4 Ne6 25. cxd5 Rxd5 26. Rxd5 Qxd5 27. Nc4 Qh5 28. Qxh5 gxh5 29. Nxb6 Rb8 30. a5 Nd8 31. Na4 Nb7 32. Rd5 Nxa5 33. Nxc5 Rb6 34. Rxh5 Nxb3 35. Nxb3 Rxb3 36. Ra5 Rb6 37. f4 Kf8 38. Kf2 Ke7 39. g4 Kd7 40. Kf3 Kc7 41. Ke4 Re6+ 42. Kd4 Kb6 43. Ra3 a5 44. Rb3+ Ka6 45. e4 a4 46. Rc3 Kb6 47. e5 Re7 48. Rc5 a3 49. Rc2 Kb5 50. Ra2 Kb4 51. Kd5 Kb3 52. Rf2 Rc7 53. Kd6 Rc2 54. Rf3+ Rc3 55. Rf2 a2 56. Rxa2 Kxa2 57. Ke7 Rc7+ 58. Kd6 Rc4 59. f5 Rxg4 60. e6 fxe6 61. fxe6 Re4 0-1

[Event "Rochefort op 8th"]
[Site "Rochefort"]
[Date "2009.02.??"]
[Round "5"]
[White "Le Montagner, Yoann"]
[Black "Sanchez, Joseph"]
[Result "0-1"]
[WhiteElo "1979"]
[BlackElo "2461"]
[PlyCount "52"]
[EventDate "2009.02.??"]
[EventType "swiss"]
[EventRounds "9"]
[EventCountry "FRA"]
[SourceTitle "EXT 2010"]
[Source "ChessBase"]
[SourceDate "2010.11.25"]
[SourceVersion "1"]
[SourceVersionDate "2010.11.25"]
[SourceQuality "1"]

1. e4 d5 2. exd5 Nf6 3. Nc3 Nxd5 4. Bc4 c6 5. Qf3 e6 6. Nge2 Be7 7. 0-0 0-0 8. Re1 Nd7 9. d4 N7f6 10. Bd2 Bd7 11. Bb3 a5 12. a4 b5 13. axb5 Nxc3 14. Nxc3 cxb5 15. Bg5 a4 16. Ba2 h6 17. Bh4 Rc8 18. Qe2 a3 19. Nxb5 axb2 20. Rab1 Qa5 21. Bc4 Rxc4 22. Qxc4 Bxb5 23. Qb3 Bc6 24. Re5 Qd2 25. Bxf6 Bxf6 26. Rc5 Qc1+ 0-1

[Event "FRA-ch blitz"]
[Site "Paris"]
[Date "2009.01.25"]
[Round "1"]
[White "Le Montagner, Yoann"]
[Black "Bacrot, Etienne"]
[Result "0-1"]
[WhiteElo "2000"]
[BlackElo "2705"]
[PlyCount "44"]
[EventDate "2009.01.25"]
[EventType "swiss (blitz)"]
[EventRounds "13"]
[EventCountry "FRA"]
[SourceTitle "EXT 2011"]
[Source "ChessBase"]
[SourceDate "2010.11.26"]
[SourceVersion "1"]
[SourceVersionDate "2010.11.26"]
[SourceQuality "1"]

1. e4 c5 2. Nf3 Nc6 3. d4 cxd4 4. Nxd4 e5 5. Nb5 d6 6. N1c3 a6 7. Na3 b5 8. Nd5 Nge7 9. Be3 Nxd5 10. Qxd5 Qc7 11. c3 Be6 12. Qd2 Be7 13. Be2 0-0 14. 0-0 Rab8 15. Nc2 Rfd8 16. Bf3 Na5 17. Na3 h6 18. Rfd1 Nb7 19. Nc2 a5 20. a4 bxa4 21. Rxa4 Nc5 22. Ra2 Bxa2 0-1

[Event "FRA-chT2 West 0809"]
[Site "France"]
[Date "2008.11.23"]
[Round "3.6"]
[White "Le Montagner, Yoann"]
[Black "Delinotte, Axelle"]
[Result "0-1"]
[WhiteElo "1979"]
[BlackElo "1825"]
[PlyCount "82"]
[EventDate "2008.10.19"]
[EventType "team-tourn"]
[EventRounds "11"]
[EventCountry "FRA"]
[SourceTitle "EXT 2010"]
[Source "ChessBase"]
[SourceDate "2010.11.25"]
[SourceVersion "1"]
[SourceVersionDate "2010.11.25"]
[SourceQuality "1"]
[WhiteTeam "Rennes Paul Bert"]
[BlackTeam "Nantes II"]
[WhiteTeamCountry "FRA"]
[BlackTeamCountry "FRA"]

1. e4 c5 2. Nf3 e6 3. Qe2 Nc6 4. g3 d6 5. Bg2 Nf6 6. 0-0 Bd7 7. c3 Be7 8. d4 cxd4 9. cxd4 0-0 10. Nc3 a6 11. d5 Ne5 12. Nxe5 dxe5 13. Rd1 Qc7 14. Bg5 h6 15. dxe6 Bxe6 16. Bxf6 Bxf6 17. Nd5 Bxd5 18. Rxd5 Rfd8 19. Rad1 Rac8 20. Bh3 Rxd5 21. exd5 Rd8 22. Qd2 Be7 23. Rc1 Qb6 24. Rc8 Rxc8 25. Bxc8 Bc5 26. Bf5 Bd4 27. Qc2 g6 28. Qc8+ Kg7 29. Bd3 Bxf2+ 30. Kg2 Qxb2 31. Bc2 Bb6 32. d6 Qxa2 33. d7 Qd5+ 34. Kh3 Qe6+ 35. Kg2 Qd5+ 36. Kh3 e4 37. Qc3+ Kh7 38. Bb3 Qf5+ 39. Kg2 Qf2+ 40. Kh3 Qf1+ 41. Kh4 Bd8+ 0-1

[Event "FRA-ch op-A"]
[Site "Pau"]
[Date "2008.08.20"]
[Round "8"]
[White "Chizelle, Bernard"]
[Black "Le Montagner, Yoann"]
[Result "1-0"]
[WhiteElo "1960"]
[BlackElo "2014"]
[PlyCount "135"]
[EventDate "2008.08.11"]
[EventType "swiss"]
[EventRounds "9"]
[EventCountry "FRA"]
[SourceTitle "CBM 126 Extra"]
[Source "ChessBase"]
[SourceDate "2008.11.05"]
[SourceVersion "1"]
[SourceVersionDate "2008.11.05"]
[SourceQuality "1"]

1. e4 c5 2. Nf3 d6 3. d4 cxd4 4. Nxd4 Nf6 5. Nc3 g6 6. Be2 Bg7 7. 0-0 0-0 8. Kh1 Nc6 9. f4 Nxe4 10. Nxc6 Nxc3 11. Nxd8 Nxd1 12. Nxb7 Nxb2 13. Bxb2 Bxb7 14. Bxg7 Kxg7 15. Rab1 Rab8 16. Rb3 Bd5 17. c4 Be4 18. Rc1 Rfc8 19. Kg1 Rb6 20. Ra3 Rc7 21. Kf2 Rb2 22. g4 a5 23. Rcc3 Rc5 24. Re3 Bb1 25. Rxe7 Bxa2 26. Ke3 Rb3+ 27. Rxb3 Bxb3 28. Kd4 a4 29. Ra7 Kf6 30. g5+ Kg7 31. h4 Kf8 32. Bd3 Ke8 33. Kc3 Rc8 34. Kd4 Rd8 35. Be4 Bd1 36. Bd5 Bg4 37. Rxa4 Be6 38. Ra7 Bxd5 39. Kxd5 Rd7 40. Ra8+ Ke7 41. Kc6 Ke6 42. Ra1 Rd8 43. Re1+ Kf5 44. Re7 Rc8+ 45. Kd5 Kg4 46. Rxf7 Kxh4 47. Rxh7+ Kg4 48. Rf7 Rc5+ 49. Kd4 Ra5 50. Rf6 Ra1 51. Rxg6 Kxf4 52. Rxd6 Kxg5 53. Re6 Kf5 54. Re2 Rd1+ 55. Kc5 Rc1 56. Kd5 Rd1+ 57. Kc6 Rc1 58. c5 Kf6 59. Kd6 Rd1+ 60. Kc7 Rc1 61. c6 Kf7 62. Kd7 Rd1+ 63. Kc8 Rc1 64. c7 Kf8 65. Re6 Kf7 66. Rb6 Ke7 67. Kb8 Kd7 68. Rb7 1-0

[Event "FRA-ch op-A"]
[Site "Pau"]
[Date "2008.08.14"]
[Round "3"]
[White "Le Montagner, Yoann"]
[Black "Blachon, Pascal"]
[Result "0-1"]
[WhiteElo "2014"]
[BlackElo "2118"]
[PlyCount "50"]
[EventDate "2008.08.11"]
[EventType "swiss"]
[EventRounds "9"]
[EventCountry "FRA"]
[SourceTitle "CBM 126 Extra"]
[Source "ChessBase"]
[SourceDate "2008.11.05"]
[SourceVersion "1"]
[SourceVersionDate "2008.11.05"]
[SourceQuality "1"]

1. e4 d6 2. d4 Nf6 3. Nc3 e5 4. Nf3 Nbd7 5. Bc4 Be7 6. Be3 0-0 7. h3 c6 8. a4 exd4 9. Bxd4 Nxe4 10. Nxe4 d5 11. Bxd5 cxd5 12. Nc3 Nf6 13. Qd3 Ne4 14. g4 Bb4 15. 0-0 f5 16. Nxe4 fxe4 17. Qb3 Rxf3 18. Qxb4 Rxh3 19. Ra3 Rh6 20. Qb5 a6 21. Qb3 Qh4 22. Qxd5+ Be6 23. Qh5 Rxh5 24. gxh5 Bg4 25. Rg3 Bf3 0-1

[Event "FRA-chT2 West 0708"]
[Site "France"]
[Date "2008.04.06"]
[Round "11.6"]
[White "Le Montagner, Yoann"]
[Black "Chaumont, Adeline"]
[Result "0-1"]
[WhiteElo "2065"]
[BlackElo "2007"]
[PlyCount "78"]
[EventDate "2007.10.21"]
[EventType "team"]
[EventRounds "11"]
[EventCountry "FRA"]
[SourceTitle "EXT 2009"]
[Source "ChessBase"]
[SourceDate "2008.11.26"]
[SourceVersion "1"]
[SourceVersionDate "2008.11.26"]
[SourceQuality "1"]
[WhiteTeam "Rennes Paul Bert"]
[BlackTeam "Echiquier Berry Sologne"]
[WhiteTeamCountry "FRA"]
[BlackTeamCountry "FRA"]

1. e4 c6 2. d4 d5 3. exd5 cxd5 4. c4 Nf6 5. Nc3 g6 6. cxd5 Bg7 7. Bc4 0-0 8. Nf3 a6 9. a4 Nbd7 10. 0-0 Nb6 11. Qb3 Nxc4 12. Qxc4 b6 13. Bf4 Bb7 14. Ne5 Nxd5 15. Nxd5 Bxd5 16. Qb4 e6 17. Rac1 Qh4 18. Bg3 Qe4 19. f3 Qe3+ 20. Kh1 b5 21. Rfe1 Qb3 22. Qxb3 Bxb3 23. axb5 axb5 24. Rc5 Ba4 25. d5 exd5 26. Rxd5 b4 27. Nd3 b3 28. Be5 Rfe8 29. Rd1 Bc6 30. Rc5 Bd7 31. Bxg7 Kxg7 32. Rc3 Rad8 33. Nc5 Bf5 34. Rdc1 Re2 35. Nxb3 Rxb2 36. h3 Ra2 37. Rc4 Rd3 38. R4c3 Rxc3 39. Rxc3 Ra3 0-1